000 00396nam a2200145Ia 4500
008 220217s9999||||xx |||||||||||||| ||und||
020 _a81-7635-498-8
082 _a005.133 ZHA
100 _aZhang, Tony
_97151
245 0 _aSams teach yourself C in 24 hours
250 _a2nd
260 _aTechmedia
_bNew Delhi
_c2007
300 _aXI,527p.;28cm
_b180
650 _aPROGRAMMING LANGUAGE
999 _c180641
_d180641